000 00460nam a2200157 i 4500
001 24066
003 ES-MaACL
005 20230906152959.0
007 t|
008 021213s1965 sp ||||1| spa d
100 1 _aAmor Fernández, Antonio.
_921292
245 1 3 _aLa propiedad industrial en el derecho internacional /
_cAntonio Amor Fernández.
260 _aBarcelona :
_bNauta,
_c1965.
300 _a397 p. ;
_c21 cm.
852 _aES-MaACL
_jC-28282
_bR.57626
999 _c24066
_d24066